Statistics for 5-Letter Word Chain Game #5

Click here to take the quiz!

General Stats

  • This quiz has been taken 32,321 times
  • The average score is 21 of 30

Answer Stats

Hint Answer % Correct
Boot-shaped countryItaly
98%
Rich person's pleasure boatYacht
96%
What comes before betaAlpha
92%
Twitter postTweet
88%
What you'll find at the end of a tunnelLight
86%
"Land of the Rising Sun"Japan
81%
MistakeError
80%
Parsley, sage, rosemary, and thisThyme
77%
InebriatedDrunk
75%
Belly buttonNavel
74%
Mrs. ReaganNancy
73%
Opposite of obtuseAcute
73%
Spanish appetizersTapas
72%
Mr. DahlRoald
71%
Manhattan's northern neighborBronx
70%
North African countryLibya
70%
Copier companyXerox
69%
Canonized personSaint
68%
Spit-roasted meat of the Near EastKebob
66%
Noble gasXenon
66%
PoisonousToxic
66%
The Queen's favorite dog breedCorgi
64%
SpookyEerie
62%
Mario's dinosaurYoshi
61%
Siberian prison campGulag
59%
Pink-wigged rapperMinaj
55%
Dragon of Middle EarthSmaug
49%
PerfectIdeal
42%
Singer who loved peanut butter and
banana sandwiches
Elvis
41%
Person who takes care of horsesGroom
40%

Score Distribution

Percentile by Number Answered

Percent of People with Each Score

Your Score History

You have not taken this quiz